|
|
|
|
| LEADER |
00925cam a2200241 a 4500 |
| 001 |
0000141851 |
| 005 |
20150115090000.0 |
| 040 |
|
|
|a mod
|
| 041 |
|
|
|a eng
|
| 020 |
0 |
0 |
|a 9781412846059
|
| 090 |
0 |
0 |
|a 355.61080973
|b MAN
|e 2012
|
| 245 |
1 |
0 |
|a Managing diversity in the military
|b research perspectives from the Defense Equal Opportunity Management Institute
|c editor Mickey R. Dansby, James B. Stewart, and Schuyler C. Webb
|
| 260 |
0 |
0 |
|a New Brunswick, NJ
|b Transaction Publishers
|c 2012
|
| 300 |
|
|
|a xxxii, 557 p.
|c 23 cm
|
| 504 |
0 |
0 |
|a Includes bibliographical references and index
|
| 650 |
0 |
0 |
|a Diversity in the workplace
|z United States
|
| 651 |
0 |
0 |
|a United States
|x Armed Forces
|x Personnel management
|
| 651 |
0 |
0 |
|a United States
|x Armed Forces
|x Minorities
|
| 700 |
1 |
0 |
|a Dansby
|h Mickey R.
|
| 700 |
1 |
0 |
|a Stewart
|h James R.
|
| 700 |
1 |
0 |
|a Webb
|h Schuyler C.
|
| 852 |
0 |
0 |
|a 01
|
| 999 |
|
|
|a 0298458
|b 7 BGD
|d BOOKS
|e Umum
|f 7 BGD
|j AVAILABLE
|q GOOD CONDITION
|